书目信息 |
| 题名: |
中尺度气象学研究
|
|
| 作者: | 寿绍文, 著 | |
| 分册: | ||
| 出版信息: | 北京 气象出版社 2017 |
|
| 页数: | 416页 | |
| 开本: | 27cm | |
| 丛书名: | ||
| 单 册: | ||
| 中图分类: | P432-53 | |
| 科图分类: | ||
| 主题词: | 中尺度--zhong chi du--气象学--文集 | |
| 电子资源: | ||
| ISBN: | 978-7-5029-6606-5 | |
| 000 | 01193nam0 2200301 45 | |
| 001 | 012001002016 | |
| 005 | 20140109151214.0 | |
| 010 | @a978-7-5029-6606-5@b精装@dCNY100.00 | |
| 092 | @aCN@b人天802-2606 | |
| 099 | @aCAL 012018019565 | |
| 100 | @a20180312d2017 em y0chiy50 ea | |
| 101 | 0 | @achi@aeng |
| 102 | @aCN@b110000 | |
| 105 | @aacbfa 000yy | |
| 106 | @ar | |
| 200 | 1 | @a中尺度气象学研究@Azhong chi du qi xiang xue yan jiu@e寿绍文学术论文选集@f寿绍文等著 |
| 210 | @a北京@c气象出版社@d2017 | |
| 215 | @a416页@c图, 地图, 肖像@d27cm | |
| 312 | @a封面其他题名: 寿绍文学术论文选 | |
| 320 | @a有书目 | |
| 330 | @a本书选编了寿绍文教授及其合作者历年发表的关于中尺度气象学研究的部分学术论文。内容分为中尺度灾害天气过程的观测及机理研究、中尺度天气的数值模拟及诊断研究、中尺度数值模式及卫星、雷达等非常规资料的分析和在天气预报中的应用。 | |
| 517 | 1 | @a寿绍文学术论文选集@Ashou shao wen xue shu lun wen xuan ji |
| 517 | 1 | @a寿绍文学术论文选@Ashou shao wen xue shu lun wen xuan |
| 606 | 0 | @a中尺度@Azhong chi du@x气象学@j文集 |
| 690 | @aP432-53@v5 | |
| 701 | 0 | @a寿绍文,@Ashou shao wen@f1938.8-@4著 |
| 801 | 0 | @aCN@b北京卓展@c20191020 |
| 905 | @b1202975-7@dP432-53@e151@f3 | |
| 中尺度气象学研究:寿绍文学术论文选集/寿绍文等著.-北京:气象出版社,2017 |
| 416页:图, 地图, 肖像;27cm |
| ISBN 978-7-5029-6606-5(精装):CNY100.00 |
| 本书选编了寿绍文教授及其合作者历年发表的关于中尺度气象学研究的部分学术论文。内容分为中尺度灾害天气过程的观测及机理研究、中尺度天气的数值模拟及诊断研究、中尺度数值模式及卫星、雷达等非常规资料的分析和在天气预报中的应用。 |
| ● |
| 相关链接 |
|
|
|
|
正题名:中尺度气象学研究
索取号:P432-53/151
 
预约/预借
| 序号 | 登录号 | 条形码 | 馆藏地/架位号 | 状态 | 备注 |
| 1 | 1202975 | 212029758 | 第二样本阅览室/ [索取号:P432-53/151] | 在馆 | |
| 2 | 1202976 | 212029767 | 第三借阅区/ [索取号:P432-53/151] | 在馆 | |
| 3 | 1202977 | 212029776 | 第三借阅区/ [索取号:P432-53/151] | 在馆 |